Villes de Chine - Mort subite - Statistiques

Statistiques générales
  • Ce quiz a été pris 463 fois
  • Le résultat moyen est 7 sur 17
Answers on the Grid
Answers color-coded by a green-red scale on the quiz's grid according to % correct below.
Bangalore
Changsha
Chengdu
Chennai
Dalian
Harbin
Hareng
Hefei
Igbo
Karachi
Kobe
Kunming
Lhassa
Lugano
Nankin
Nidoking
Padawan
Qingdao
Quantum
Rangoun
Schengen
Shanghai
Shantou
Shenzhen
Taipei
Thimphou
Tianjin
Ürümqi
Wuhan
Xiamen
Yangzi
Zhengzhou
 
Statistiques - réponses
Réponse % Correct
Chengdu
68%
Shanghai
65%
Wuhan
65%
Shenzhen
59%
Zhengzhou
55%
Xiamen
54%
Tianjin
48%
Nankin
43%
Qingdao
42%
Harbin
32%
Ürümqi
32%
Changsha
31%
Hefei
29%
Lhassa
28%
Dalian
26%
Kunming
24%
Shantou
21%
Aucun quiz correspondant
Distribution des résultats
% des personnes avec chaque résultat
Percentile par nombre de réponses
Votre historique - résultats
Vous n’avez pas pris ce quiz